Gestión estratégica del talento humano en el sector público (Registro nro. 302977)
[ vista simple ]
| 000 -ENCABEZADO | |
|---|---|
| Número de control [NR] | 01094 a2200229 4500 |
| 005 - FECHA Y HORA DE LA ÚLTIMA TRANSACCIÓN | |
| control field | 20211029093807.0 |
| 008 - DE LONGITUD FIJA DE DATOS DE ELEMENTOS - INFORMACIÓN GENERAL | |
| Elementos de longitud fija [NR] | 160318s2015 ck ad||fr|||| 000 0 spa d |
| 020 ## - NUMERO INTERNACIONAL NORMALIZADO PARA LIBROS [R] | |
| Número Internacional Normalizado del libro [NR] | 9789587741599 |
| 040 ## - FUENTE DE CATALOGACION [NR] | |
| Agencia de catalogación original [NR] | CO-BoUCM |
| Idioma de catalogación [NR] | spa |
| Quien Cataloga | Sandra Palacio |
| Quien Clasifica | Sandra Palacio |
| 041 0# - CODIGO DE IDIOMA [R] | |
| Código de idioma para texto/pista de sonido o título separado [R] | Español |
| 245 ## - MENCION DE TITULO [NR] | |
| Título [NR] | Gestión estratégica del talento humano en el sector público |
| Parte restante del título [NR] | estado del arte, diagnóstico y recomendaciones para el caso colombiano |
| Mención de responsabilidad, etc. [NR] | Compilador Pedro Pablo Sanabria Pulido |
| 260 ## - PUBLICACION, DISTRIBUCION, ETC. (PIE DE IMPRENTA) [R] | |
| Nombre del editor, distribuidor, etc. [R] | Ediciones Uniandes |
| Lugar de publicación, distribución, etc. [R] | Bogotá (Colombia) |
| Fecha de publicación, distribución, etc. [R] | 2015 |
| 300 ## - DESCRIPCION FISICA [R] | |
| Extensión [R] | 366 páginas |
| Otros detalles físicos [NR] | ilustraciones, tablas, gráficas, diagramas |
| 490 0# - MENCION DE SERIE [R] | |
| Mención de serie [R] | Investigaciones EGOB. Gestión pública |
| 650 #7 - ASIENTO SECUNDARIO DE MATERIA - TERMINO TEMATICO [R] | |
| 9 (RLIN) | 8562 |
| Término temático o nombre geográfico como elemento de entrada [NR] | Administración de personal |
| Subdivisión general [R] | Investigaciones |
| Subdivisión geográfica [R] | Colombia |
| 650 #7 - ASIENTO SECUNDARIO DE MATERIA - TERMINO TEMATICO [R] | |
| 9 (RLIN) | 16187 |
| Término temático o nombre geográfico como elemento de entrada [NR] | Función pública |
| Subdivisión de forma [R] | Investigaciones |
| Subdivisión general [R] | Administración de personal |
| Subdivisión geográfica [R] | Colombia |
| 650 #7 - ASIENTO SECUNDARIO DE MATERIA - TERMINO TEMATICO [R] | |
| 9 (RLIN) | 8562 |
| Término temático o nombre geográfico como elemento de entrada [NR] | Administración de personal |
| Subdivisión general [R] | Política pública |
| 690 ## - ASUNTO AGREGADO LOCAL DE ENTRADA - TÉRMINO TEMÁTICO (OCLC, RLIN) | |
| Acceso temático local | Administración de empresas |
| 9 (RLIN) | 435 |
| 700 1# - ASIENTO SECUNDARIO - NOMBRE PERSONAL [R] | |
| Nombre personal [NR] | Sanabria Pulido, Pedro Pablo |
| Término de relación [R] | compilador |
| 9 (RLIN) | 76257 |
| 942 ## - ELEMENTOS DE ENTRADA AGREGADOS (KOHA) | |
| Tipo de ítem principal el descrito en 300a | Libro |
| Sistema de clasificación | DEWEY |
| Tema principal | Administración |
| Edición | 1 |
| Clasificación | 658.3 |
| Parte restante de la signatura top. | G393ge |
| Fecha de último préstamo | Total préstamos | Total Renewals | Signatura topográfica | Código de barras | Última vez visto | Ejemplar | Costo de reposición | Price effective from | Tipo de ítem | Perdido | Sistema de clasificación | Dañado | No prestable | Tipo de ítem específico | Suprimido | Ubicación habitual | Ubicación actual | Localización | Fecha de creación | Proveedor | Forma de adquisición | Costo |
|---|---|---|---|---|---|---|---|---|---|---|---|---|---|---|---|---|---|---|---|---|---|---|
| 658.3 G393ge | 100153228 | 17/05/2017 | Ej.2 | 26000.00 | 04/05/2017 | Libro | DEWEY | Libro | Bodega | Bodega | Préstamo 4 días después de solicitado | 04/05/2017 | 12 | Donación | 0.00 | |||||||
| 13/09/2021 | 4 | 1 | 658.3 G393ge | 100148879 | 04/12/2025 | Ej.1 | 26000.00 | 09/03/2016 | Libro | DEWEY | Libro | Claustro | Claustro | 4to piso | 09/03/2016 | 12 | Donación | 0.00 |